00825 a2200181 4500003000500000005001700005040000900022082001200031100003000043245004800073260003600121300001000157505028300167650003000450942002100480999001900501952012300520Nust20230504131704.0 cNust a973,THE aBrooks.M, Emerson9112117 aThe Growth of A Nation / cEmerson M Brooks aNew YorkbE.P.Dutton & Coc1956 a320:p aAuthor s Foreword (Page-11), In the Long Ago (Page-19), The First Hundred Years 1500-1600 (Page-31), The Second Hundred Years 1600-1700 (Page-37), The Third Hundred Years 1700-1800 (Page-63), The Fourth Hundred Years 1800-1900 (Page-89), The Fifth Hundred Years 1900 (Page-227). a American History9109008 2ddccBKk973,THE c187598d187598 00102ddc4070aMCSbMCScGENd2016-12-12o973,THEpMCS29421r2016-12-08w2016-12-12yBKzAlmirah No. 75, Shelf No. 8